000 00845nam a22002057a 4500
999 _c10211
_d10211
003 AR-CdUCM
008 190329b ||||| |||| 00| 0 spa d
040 _aMUNICIPALIDAD PROVINCIAL DEL CUSCO
_cBIBLIOTECA MUNICIPAL DEL CUSCO
082 _aC / 869.5 /
_bB35 /
100 _aBeer, Kurt E.
_926927
245 _aAnécdotas Piuranas /
260 _aCuzco :
_bGarcilaso.
_c1961.
300 _a107, XII paginas ;
_c18 cm.
505 _aContenido : Unas palabras por Luis Nieto -- Broma pesada por Augusto Feijo Sanchez -- Los piuranos se reinventan una botella de whisky todos los días por Néstor S. Martos -- Aquí los paisajes, las industrias y la cultura de Suiza por Néstor S. Martos...
650 _aAnécdotas Piuranos
_926928
650 _aVivencias
_92268
650 _aExperiencias
_914032
942 _2ddc
_cLIBROS
945 _awnts